| 000 | 00000nam##2200000za#4500 |
| 001 | 9.528331 |
| 003 | CaOODSP |
| 005 | 20210305160105 |
| 007 | ta |
| 008 | 150406|1996||||xxc||||| f|0| 0 fre|d |
| 040 | |aCaOODSP|bfre |
| 041 | |aeng |
| 041 | |afre |
| 043 | |an-cn--- |
| 086 | 1 |aXB352-341/1 |
| 110 | 1 |aCanada. |bParlement. |bChambre des communes. |
| 245 | 10|aLoi prévoyant le cas de tentative de séparation du Québec (conditions d'un référendum) : |b(Loi déterminant les conditions auxquelles un référendum sur la séparation du Québec du Canada doit satisfaire pour être considéré comme l'expression véritable de la volonté de la population du Québec.) / |c(M. Harper, Calgary-Ouest.) |
| 260 | |bChambre des communes |cPremière lecture, le 30 octobre 1996. |
| 300 | |a4p. |
| 490 | 1 |aProjets de loi de la Chambre des communes|vC-341 |
| 546 | |aBilingue |
| 590 | |a96-45|b1996-11-08 |
| 791 | |tQuebec Contingency Act (referendum conditions) : |eeng|w(CaOODSP)9.528330 |
| 830 | #0|aProjets de loi de la Chambre des communes ;|vC-341|w(CaOODSP)9.509697 |